000 00298nam a22001337a 4500
008 181122b xxu||||| |||| 00| 0 eng d
020 _a9780321089366
041 _aeng
080 _a370
100 _a49
101 _aedu
245 _aUndestanding Engliah Grammar
_cKollin.M
942 _2udc
_cBK
999 _c52379
_d52379